The Cinema of Basil Dearden and Michael Relph : (Record no. 586628)

MARC details
000 -LEADER
fixed length control field 00457nam a2200181 a 4500
008 - FIXED-LENGTH DATA ELEMENTS--GENERAL INFORMATION
fixed length control field 250911s2009##################000#0#eng##
020 ## - INTERNATIONAL STANDARD BOOK NUMBER
ISBN 9780748632893
082 04 - DEWEY DECIMAL CLASSIFICATION NUMBER
Classification number 791.43023309
Item number BUR
100 1# - MAIN ENTRY--AUTHOR NAME
Personal name Burton, Alan,
245 10 - TITLE STATEMENT
Title The Cinema of Basil Dearden and Michael Relph :
260 ## - PUBLICATION, DISTRIBUTION, ETC. (IMPRINT)
Year of publication 2009.
650 #0 - SUBJECT ADDED ENTRY--TOPICAL TERM
Topical Term Performing Arts.
942 ## - ADDED ENTRY ELEMENTS (KOHA)
Koha item type English Books
Holdings
Withdrawn status Lost status Damaged status Not for loan Home library Current library Shelving location Date acquired Full call number Accession Number Price effective from Koha item type
        Anna Centenary Library Anna Centenary Library 6TH FLOOR, B WING 11.09.2025 791.43023309 BUR 372099 11.09.2025 English Books

Find us on the map